Aktuálne úlohy ekonomickej agitácie v procese intenzifikácie národného hospodárstvo

Bibliographic Details
Main Author: Michalec, Jiří (Author)
Format: Article
Language:Slovak
Subjects:

MARC

LEADER 00000nab a2200000 a 4500
001 vtls000285251
003 SK-MaSNL
005 20260305024453.0
008 111202c1987 xo 0 slo
015 |a SNBRA19rr/mm-uuuuu 
035 |a CL0295369 
040 |a SNKBUCL  |b slo  |c SNKBUCL  |e AACR2 
041 0 |a slo 
044 |a xo  |c SK 
080 |a 32.019.5:33  |2 1981 
080 |a 33  |2 1981 
080 |a 330.342.151  |2 1981 
080 |a 32.019.5  |2 1981 
100 1 |a Michalec, Jiří  |4 aut  |9 972099 
245 1 0 |a Aktuálne úlohy ekonomickej agitácie v procese intenzifikácie národného hospodárstvo  |c Jiří Michalec 
650 0 7 |a národné hospodárstvo  |2 snkbucl  |9 846 
650 0 7 |a intenzifikácia  |2 snkbucl  |9 77068 
650 0 7 |a ekonomická agitácia  |2 snkbucl  |9 77848 
655 7 |a články zo zborníkov  |2 snkbucl  |9 166140 
773 0 |t Masovopolitická práca a jej zdokonaľovanie v stratégii urýchlenia  |d Bratislava : Pravda, 1987 
850 |a Slovenská národná knižnica v Martine  |a MTA001 
852 |a SNK  |b KIS3GCP 
958 |a RK 
992 |a RZB 
999 |c 3302913  |d 3304843